¿Qué tan matemática es la lógica matemática? (Record no. 111075)

MARC details
000 -CABECERA
campo de control de longitud fija 00484nab a2200181 a 4500
005 - FECHA Y HORA DE LA ÚLTIMA TRANSACCIÓN
campo de control 20210219155124.0
008 - ELEMENTOS DE LONGITUD FIJA--INFORMACIÓN GENERAL
campo de control de longitud fija 991125s1985 mx 000 0 spa u
035 ## - NÚMERO DE CONTROL DEL SISTEMA
Número de control de sistema UPN01000138927
100 1# - ASIENTO PRINCIPAL--NOMBRE PERSONAL
Nombre de persona Barceló Aspeitia, Axel A.
222 ## - TÍTULO CLAVE
Título clave DIANOIA
245 ## - MENCIÓN DE TÍTULO
Título ¿Qué tan matemática es la lógica matemática?
260 ## - PUBLICACIÓN, DISTRIBUCIÓN, ETC.
Lugar de publicación, distribución, etc. México
300 ## - DESCRIPCIÓN FÍSICA
Extensión 3-28
362 0# - FECHAS DE PUBLICACIÓN Y/O DESIGNACIÓN SECUENCIAL
Fecha de publicación y/o designación secuencial 2003 Vol. 48, no. 51, nov.
653 0# - TERMINO DE INDIZACION - NO CONTROLADO
Término no controlado LOGICA MATEMATICA
653 0# - TERMINO DE INDIZACION - NO CONTROLADO
Término no controlado METODO MATEMATICO
905 ## - TIPO DE MATERIAL
Tipo de material Articulo

No items available.